| 000 | 00484nam a2200157 4500 | ||
|---|---|---|---|
| 001 | 111989 | ||
| 003 | ES-MaACL | ||
| 005 | 20230906185410.0 | ||
| 007 | t| | ||
| 008 | 061121s1981 sp r ||||1| spa d | ||
| 100 | 1 |
_aOrozco Acuaviva, Antonio. _987340 |
|
| 245 | 1 | 0 |
_aBibliografía médico-científica gaditana / _cAntonio Orozco Acuaviva. |
| 260 |
_aCádiz : _bObra Cultural Casino Gaditano, _c1981. |
||
| 300 |
_a280 p., 8 lám. ; _c20 cm. |
||
| 852 |
_aES-MaACL _jL-1522 _bR.102363 |
||
| 999 |
_c111989 _d111989 |
||